Phương pháp giải các dạng toán 9 Bài tập căn bản và mở rộng (tập 1)
সংরক্ষণ করুন:
| প্রধান লেখক: | |
|---|---|
| বিন্যাস: | গ্রন্থ |
| প্রকাশিত: |
Hà Nội
Giáo dục
2007
|
| সংস্করন: | Tái bản lần thứ nhất |
| বিষয়গুলি: | |
| ট্যাগগুলো: |
ট্যাগ যুক্ত করুন
কোনো ট্যাগ নেই, প্রথমজন হিসাবে ট্যাগ করুন!
|
| Thư viện lưu trữ: | Trung tâm Học liệu Lê Vũ Hùng, Trường Đại học Đồng Tháp |
|---|
| LEADER | 00806pam a22002418a 4500 | ||
|---|---|---|---|
| 001 | 00042278 | ||
| 005 | 20180906150933.0 | ||
| 008 | 161005s2015 ||||||Viesd | ||
| 041 | 0 | # | |a Vie |
| 082 | 1 | 4 | |a 510.76 |b PH561PH |
| 100 | 1 | # | |a Nguyễn, Văn Nho |
| 245 | 1 | 0 | |b Bài tập căn bản và mở rộng |a Phương pháp giải các dạng toán 9 |c Nguyễn Văn Nho |n (tập 1) |
| 250 | # | # | |a Tái bản lần thứ nhất |
| 260 | # | # | |a Hà Nội |b Giáo dục |c 2007 |
| 300 | # | # | |a 190 tr. |c 24 cm. |
| 653 | # | # | |a Bài tập |
| 653 | # | # | |a Giải toán |
| 653 | # | # | |a Lớp 9 |
| 653 | # | # | |a Phương pháp |
| 653 | # | # | |a Toán học |
| 852 | # | # | |j KD.0024110 |
| 910 | |d 06/09/2018 | ||
| 980 | # | # | |a Trung tâm Học liệu Lê Vũ Hùng, Trường Đại học Đồng Tháp |